Porovnanie exekučnej efektívnosti hľadania dát v tabuľke symbolov implementovanej v poli a v jednosmernom lineárnom zozname v C# aplikácii

Saved in:
Bibliographic Details
Main Author: Košťál, Igor, 1962-
Format: Book Chapter
Language:English
Subjects:
Tags: Add Tag
No Tags, Be the first to tag this record!

MARC

LEADER 00000naa$a2200000$$$4500
001 0289205
005 20240502074429.2
041 0 |a eng 
044 |a SK 
245 1 0 |a Porovnanie exekučnej efektívnosti hľadania dát v tabuľke symbolov implementovanej v poli a v jednosmernom lineárnom zozname v C# aplikácii  |c Igor Košťál 
500 |a Abstrakt 
610 2 0 |a dáta 
610 2 0 |a informácie 
610 2 0 |a efektívnosť 
100 1 |a Košťál, Igor, 1962-